00389 a2200109 4500001001000000005001700010008004100027245011200068100002400180773005800204999001700262ART_1117820260410161855.0260409a 10aLa función del estado en la economía frente a la política económica exterior y la política fiscal1 aAlemann, Roberto T.0 tRevista de Economíag- Nº 36 (mar. 1983)wREV11077 c25374d25374